00576nam a2200193Ia 4500003000900000008004100009040001600050080001600066100002300082245003600105260003400141300001400175650004100189650002100230650002000251942000700271999001300278952009100291IN-BaIIA211028s9999 xx 000 0 eng d cIIA Library a550.34bWAL aWalker, G. W.9496 0aModern seismologycG. W. Walker aLondonbLongmans, Greenc1913 axii, 88p. aAstronomy and Astrophysics Thesaurus aEarthquakes9497 aSeismology9498 cBK c263d263 00104070aBANbKODcGENd0000-00-00l0o550.34/ WALp237r2021-11-05w0000-00-00yBK